|
|
|
|
| LEADER |
01387nam a22002897a 4500 |
| 001 |
37628 |
| 003 |
BD-DhAAL |
| 005 |
20250915172243.0 |
| 008 |
220113t2019 bg ad||| |||| 00| 0 eng d |
| 020 |
|
|
|a 9789843474667
|
| 040 |
|
|
|a BD-DhAAL
|c BD-DhAAL
|
| 041 |
|
|
|a ben
|
| 082 |
|
|
|2 23
|a 378.33095492
|
| 110 |
|
|
|a বাংলাদেশ
|b বিশ্ববিদ্যালয় মঞ্জুরী কমিশন.
|9 44958
|
| 245 |
|
|
|a ৪৪ তম বার্ষিক প্রতিবেদন ২০১৮
|
| 246 |
|
|
|a Barshik protibedon
|
| 260 |
|
|
|a ঢাকা :
|b বাংলাদেশ বিশ্ববিদ্যালয় মঞ্জুরী কমিশন,
|c ২০১৮
|
| 300 |
|
|
|a xlii, ৫৩৫ পৃষ্ঠা :
|b চিত্র ;
|c ২৪ সে.মি.
|
| 362 |
|
|
|a বার্ষিক
|
| 541 |
|
|
|a Complimentary copy from UGC
|e 37628
|
| 610 |
|
|
|a Bangladesh
|b University Grants Commission
|v Periodicals
|9 44959
|
| 650 |
|
|
|a Education, Higher
|z Bangladesh
|v Periodicals.
|9 44960
|
| 650 |
|
|
|a Government aid to higher education
|z Bangladesh
|v Periodicals.
|9 44961
|
| 852 |
|
|
|a Ayesha Abed Library
|c Reference Section
|
| 942 |
|
|
|2 ddc
|c BK
|
| 999 |
|
|
|c 43436
|d 43436
|
| 952 |
|
|
|0 0
|1 0
|2 ddc
|4 0
|6 378_330954920000000_BAR
|7 1
|9 69702
|a BRACUL
|b BRACUL
|c REF
|d 2022-01-13
|e Complimentary copy from UGC
|l 0
|o 378.33095492 BAR
|p 3010037628
|r 2022-01-13
|t 1
|w 2022-01-13
|y BK
|